Understanding society (Record no. 113366)

MARC details
000 -LEADER
fixed length control field 00867cam a22002055a 4500
001 - CONTROL NUMBER
control field L155171
008 - FIXED-LENGTH DATA ELEMENTS--GENERAL INFORMATION
fixed length control field 120307s2012 xxk f 000 0 eng d
020 ## - INTERNATIONAL STANDARD BOOK NUMBER
International Standard Book Number 9781858711638
035 ## - SYSTEM CONTROL NUMBER
System control number (Sirsi) u155171
041 0# - LANGUAGE CODE
Language code of text/sound track or separate title eng
100 1# - MAIN ENTRY--PERSONAL NAME
Personal name McFall, Stephanie
245 00 - TITLE STATEMENT
Title Understanding society
Remainder of title Findings 2012
Medium [electronic resource]
260 ## - PUBLICATION, DISTRIBUTION, ETC.
Place of publication, distribution, etc. Colchester
Name of publisher, distributor, etc. University of Essex Institute for Social and Economic Research
Date of publication, distribution, etc. 2012
520 ## - SUMMARY, ETC.
Summary, etc. A series of articles on social issues affecting society including one entitled moving home, wishes, expectations and reasons.
590 ## - LOCAL NOTE (RLIN)
Local note KA
651 #4 - SUBJECT ADDED ENTRY--GEOGRAPHIC NAME
Geographic name UNITED KINGDOM
690 ## - LOCAL SUBJECT ADDED ENTRY--TOPICAL TERM (OCLC, RLIN)
Topical term or geographic name as entry element Residential property
9 (RLIN) 6266
856 40 - ELECTRONIC LOCATION AND ACCESS
Uniform Resource Identifier <a href="https://research.understandingsociety.org.uk/files/research/findings/Understanding-Society-Findings-2012.pdf">https://research.understandingsociety.org.uk/files/research/findings/Understanding-Society-Findings-2012.pdf</a>
Public note View the item free of charge at research.understandingsociety.org.uk
942 ## - ADDED ENTRY ELEMENTS (KOHA)
Suppress in OPAC 0
Holdings
Withdrawn status Lost status Source of classification or shelving scheme Damaged status Not for loan Home library Current library Shelving location Date acquired Total Checkouts Full call number Barcode Date last seen Copy number Price effective from Koha item type
    Dewey Decimal Classification     Virtual Virtual Online 07/03/2012   ONLINE PUBLICATION 155171-2001 06/08/2019 1 06/08/2019 Book